ARRUPE JESUIT UNIVERSITY

CORONAVIRUS -STOP THE SPREAD - CLEAN,DISINFECT,COVER

Kościuszko and Pulaski / (Record no. 124280)

MARC details
000 -LEADER
fixed length control field 01051cam a2200313 i 4500
001 - CONTROL NUMBER
control field 384716
003 - CONTROL NUMBER IDENTIFIER
control field ARRUPE
005 - DATE AND TIME OF LATEST TRANSACTION
control field 20160307083929.0
008 - FIXED-LENGTH DATA ELEMENTS--GENERAL INFORMATION
fixed length control field 781005s1976 pl abc b 000 0ceng
010 ## - LIBRARY OF CONGRESS CONTROL NUMBER
LC control number 78365558
015 ## - NATIONAL BIBLIOGRAPHY NUMBER
National bibliography number P77-192
020 ## - INTERNATIONAL STANDARD BOOK NUMBER
Terms of availability zł270.00
040 ## - CATALOGING SOURCE
Original cataloging agency DLC
Transcribing agency DLC
Modifying agency DLC
041 1# - LANGUAGE CODE
Language code of text/sound track or separate title engpol
043 ## - GEOGRAPHIC AREA CODE
Geographic area code e-pl---
-- n-us---
050 00 - LIBRARY OF CONGRESS CALL NUMBER
Classification number DK4348.K67
Item number K66
082 00 - DEWEY DECIMAL CLASSIFICATION NUMBER
Classification number 943.8/02/0922
-- B
300 ## - PHYSICAL DESCRIPTION
Other physical details ill., maps, ports. ;
Dimensions 22 x 25 cm.
100 1# - MAIN ENTRY--PERSONAL NAME
Personal name Kopczewski, Jan Stanisław.
9 (RLIN) 22660
240 10 - UNIFORM TITLE
Uniform title <a href="Kościuszko, Pulaski.">Kościuszko, Pulaski.</a>
Language of a work English
245 10 - TITLE STATEMENT
Title Kościuszko and Pulaski /
Statement of responsibility, etc Jan Stanisław Kopczewski ; [design. by Jerzy Kepkiewicz ; transl. by Robert Strybel].
260 ## - PUBLICATION, DISTRIBUTION, ETC. (IMPRINT)
Place of publication, distribution, etc Warsaw :
Name of publisher, distributor, etc "Interpress",
Date of publication, distribution, etc 1976.
300 ## - PHYSICAL DESCRIPTION
Extent 328 p. ;
500 ## - GENERAL NOTE
General note Translation of Kościuszko, Pułaski.
504 ## - BIBLIOGRAPHY, ETC. NOTE
Bibliography, etc Includes bibliographical references.
600 10 - SUBJECT ADDED ENTRY--PERSONAL NAME
Personal name Kościuszko, Tadeusz,
Dates associated with a name 1746-1817.
9 (RLIN) 22661
600 10 - SUBJECT ADDED ENTRY--PERSONAL NAME
Personal name Pułaski, Kazimierz,
Dates associated with a name 1747-1779.
9 (RLIN) 22662
906 ## - LOCAL DATA ELEMENT F, LDF (RLIN)
a 7
b cbc
c orignew
d 4
e ncip
f 19
g y-gencatlg
942 ## - ADDED ENTRY ELEMENTS (KOHA)
Source of classification or shelving scheme Library of Congress Classification
Koha item type Monograph ( Printed materials)
Holdings
Withdrawn status Lost status Source of classification or shelving scheme Damaged status Not for loan Collection code Home library Current library Shelving location Date acquired Total Checkouts Full call number Barcode Date last seen Price effective from Koha item type
    Library of Congress Classification     Main Collection ARRUPE LIBRARY ARRUPE LIBRARY Main Collection 01/03/2016   DK4348.K67K66 46500006714 04/12/2017 01/03/2016 Monograph ( Printed materials)

 

Arrupe Library. PO Box MP320 Mt Pleasant, Harare, Zimbabwe
263 242 745411|librarian@aju.ac.zw